000 00630nam a2200277Ia 4500
005 20260324150731.0
008 008 260324s9999 xx 000 0 eng d
020 _a9781003609247
037 _aEBOOK
040 _aCRL
040 _beng
040 _cCRL
041 _2eng
041 _aeng
084 _qCRL
100 _aG. Elsie Harrison
_91227430
245 4 _aThe Clue to the Brontës
260 _bTaylor and Francis
260 _c1948
365 _a
365 _b145
856 _uhttp://www.taylorfrancis.com/books/9781003609247
942 _cEBOOK
999 _c1837416
_d1837416